Ideología y pensamiento utópico y libertario en América Latina / (Record no. 154311)

MARC details
000 -LEADER
fixed length control field 00744cam a2200217 4500
005 - DATE AND TIME OF LATEST TRANSACTION
control field 20200217125330.0
008 - FIXED-LENGTH DATA ELEMENTS--GENERAL INFORMATION
fixed length control field 200217b mx ||||| |||| 00| 0 spa d
050 04 - LIBRARY OF CONGRESS CALL NUMBER
Classification number JA84.A55
Item number C47 2003
100 1# - MAIN ENTRY--PERSONAL NAME
Personal name Cerutti Guldberg, Horacio
245 10 - TITLE STATEMENT
Title Ideología y pensamiento utópico y libertario en América Latina /
Statement of responsibility, etc Horacio Cerutti Guldberg.
250 ## - EDITION STATEMENT
Edition statement 1a edición
260 ## - PUBLICATION, DISTRIBUTION, ETC. (IMPRINT)
Place of publication, distribution, etc México :
Name of publisher, distributor, etc Universidad de la Ciudad de México ; Posgrado en Humanidades y Ciencias Sociales,
Date of publication, distribution, etc 2003
300 ## - PHYSICAL DESCRIPTION
Extent 41 p. ;
Dimensions 21 cm.
504 ## - BIBLIOGRAPHY, ETC. NOTE
Bibliography, etc Incluye bibliografía
650 #4 - SUBJECT ADDED ENTRY--TOPICAL TERM
Topical term or geographic name as entry element Ideología
Geographic subdivision América Latina
650 #4 - SUBJECT ADDED ENTRY--TOPICAL TERM
Topical term or geographic name as entry element Utopía en la Literatura
650 #4 - SUBJECT ADDED ENTRY--TOPICAL TERM
Topical term or geographic name as entry element Libertad
General subdivision Filosofía
942 ## - ADDED ENTRY ELEMENTS (KOHA)
Source of classification or shelving scheme Biblioteca del Cogreso de los Estados Unidos
Koha item type Libro
Holdings
Estado de pérdida Fuente de clasificación Estado del daño No para préstamo Ubicación permanente Ubicación actual Apartado o colección Fecha de adquisición Fuente de adquisición Edición Dependencia de educación superior (DES) Área del conocimiento Clasificación Código de Barras Date last seen Número de copia Costo por reposición Tipo de recurso Total Checkouts
  Biblioteca del Cogreso de los Estados Unidos   Consulta Biblioteca de la Facultad de Filosofía Biblioteca de la Facultad de Filosofía Fondo "Luis Villoro" 17/02/2020 Donación 1a ed. Humanidades Educación y Humanidades JA84.A55 C47 2003 BFF000034407 17/02/2020 C:1 1.00 Libro  
  Biblioteca del Cogreso de los Estados Unidos   Consulta Biblioteca de la Facultad de Filosofía Biblioteca de la Facultad de Filosofía Fondo "Luis Villoro" 24/05/2022   1a ed.   Educación y Humanidades JA84.A55 C47 2003 BFF000037163 24/05/2022 C.2 1.00 Libro